000 00379nam a2200121Ia 4500
008 220620s9999||||xx |||||||||||||| ||und||
100 _aHassan Abduljabbar
245 0 _aComplications of Pregnancy
546 _aEnglish[eng]
650 _aMedicine||Health Sciences||Obstetrics and Gynecology
856 _uhttps://www.intechopen.com/books/complications-of-pregnancy
942 _cEB
999 _c32057
_d32057